Word Ladder: Obscure August 29 Holiday Quiz Stats

 Plays Quiz Updated Aug 29, 2017

     
Support Sporcle.
Go Orange.
Score 0/20 Timer 03:00
1 Play Today
Hint 4-letter Word % Correct
Having entered the worldBORN
97.3%
Group of cowsHERD
96.5%
Jack or Ace, e.g.CARD
96.3%
Capital of SwitzerlandBERN
95.2%
FirmHARD
95.1%
August 29: [Rung 1] ____s [Rung 14] [Rung 20] Day
OR Parsley, sage, rosemary, or thyme
🌿HERB🌿
95%
Impalas, Mustangs, and Cougars, e.g.CARS
93.7%
Yawn-inducerBORE
92%
August 29: [Rung 1] [Rung 7]s ____ [Rung 20] Day
OR Fewer
↓LESS↓
90.3%
Cartoon companion of PhineasFERB
90.3%
Hint 4-letter Word % Correct
Plant that reproduces via sporesFERN
90%
Ship supportMAST
89.9%
Beer ingredientMALT
88.1%
Alan Alda sitcomM*A*S*H*
87.2%
August 29: ____ [Rung 7]s [Rung 14] [Rung 20] Day
OR Oliver Twist request
↑MORE↑
87%
Singer Elliott from The Mamas & the PapasCASS
86.7%
MaidenLASS
86.4%
Disaster aftermathMESS
86.2%
August 29: [Rung 1] [Rung 7]s [Rung 14] ____ Day
OR NaCl, for one
⚪️SALT⚪️
84.8%
Material made of a network of threadsMESH
82.8%

Today's Daily Dose

From the Vault

Dog Breeds

by Derek

They are pampered, obsessed with their hair, and constantly in training...no we are not talking about supermodels, but man's best friend.
Remove Ads.
Support Sporcle.
Get the best of Sporcle when you Go Orange. This ad-free experience offers more features, more stats, and more fun while also helping to support Sporcle. Thank you for becoming a member.

Show Comments

Extras

Top Quizzes Today


Score Distribution

Your Account Isn't Verified!

In order to create a playlist on Sporcle, you need to verify the email address you used during registration. Go to your Sporcle Settings to finish the process.

Report this User

Report this user for behavior that violates our Community Guidelines.

Details: